| 000 | 00764nam a2200217 i 4500 | ||
|---|---|---|---|
| 001 | 130576 | ||
| 003 | ES-MaACL | ||
| 005 | 20240503101439.0 | ||
| 007 | t| | ||
| 008 | 070801s1956 sp ||||1| spa d | ||
| 100 | 1 |
_aZardoya, Concha, _d1914-2004 _9118071 |
|
| 245 | 1 | 0 |
_aHistoria de la literatura norteamericana / _cpor Concha Zardoya ; con la colaboración de Carmen Iglesias. |
| 260 |
_aBarcelona : _bLabor, _c1956. |
||
| 300 |
_aXII, 396 p. : _bil. ; _c22 cm. |
||
| 490 | 1 | _aColección "Literae et Vitae" | |
| 650 | 4 |
_aLiteratura norteamericana- _xHistoria y crítica. _914643 |
|
| 700 | 1 |
_aIglesias, Carmen. _965073 |
|
| 830 | 0 |
_aColección "Literae et Vitae" _9219475 |
|
| 852 |
_aES-MaACL _jC-12010 _bR.40008 |
||
| 999 |
_c130576 _d130576 |
||